000 00648nam a2200253Ia 4500
003 OSt
005 20221007103101.0
006 a|||||r|||| 00| 0
007 ta
008 221006b |||||||| |||| 00| 0 eng d
024 _a12,185
037 _cTextual
040 _aLCO
_cLCO
_beng
041 _2eng
_aeng
082 _aV2:2:(Z), P1
100 _aBasu D.D.
245 0 _aIntroduction to the Constitution of India
250 _a19th
260 _aAgra
_bWadhwa and Company India
_c2001
300 _a499
650 _aCONSTITUTION OF INDIA
942 _hV2:2:(Z), P1
_cTEXL
999 _c1181748
_d1181748